|
|
|
|
| LEADER |
01275nam a2200349 a 4500 |
| 001 |
40044 |
| 003 |
BD-DhAAL |
| 008 |
221114r20011997enkb 000 0 eng d |
| 999 |
|
|
|c 45037
|d 45037
|
| 010 |
|
|
|a 97186544
|
| 020 |
|
|
|a 0753801140
|
| 020 |
|
|
|a 9780753801147
|
| 035 |
|
|
|z MLC 199704
|
| 035 |
|
|
|a (OCoLC)36701320
|
| 040 |
|
|
|a NYP
|c NYP
|d IXA
|d DLC
|d DLC
|d BD-DhAAL
|
| 042 |
|
|
|a lccopycat
|
| 043 |
|
|
|a a-cc---
|
| 050 |
0 |
0 |
|a DS796.Y84
|b H55 1997
|
| 082 |
0 |
0 |
|a 951.1
|2 21
|
| 100 |
1 |
|
|a Hill, Justin,
|d 1971-
|9 52333
|
| 245 |
1 |
2 |
|a A bend in the yellow river /
|c Justin Hill.
|
| 260 |
|
|
|a London :
|b Phoenix House,
|c 1997 [reissued 2001].
|
| 300 |
|
|
|a 260 pages :
|b map ;
|c 20 cm.
|
| 500 |
|
|
|a Parallel title in Chinese character.
|
| 541 |
|
|
|a Donated By Akbar Ali Khan
|e 40044
|
| 546 |
|
|
|a In English.
|
| 600 |
1 |
0 |
|a Hill, Justin,
|d 1971-
|9 52333
|
| 650 |
|
0 |
|a Teachers, Foreign
|z China
|z Yuncheng (Shanxi Sheng)
|9 52334
|
| 651 |
|
0 |
|a Yuncheng (Shanxi Sheng, China)
|x Social life and customs.
|9 52335
|
| 852 |
|
|
|a Ayesha Abed Library
|c Akbar Ali Khan Collection
|
| 942 |
|
|
|2 ddc
|c BK
|
| 952 |
|
|
|0 0
|1 0
|2 ddc
|4 0
|6 951_100000000000000_HIL
|7 1
|9 72338
|a BRACUL
|b BRACUL
|c CS1
|d 2022-11-14
|e Donated by Akbar Ali Khan
|g 957.40
|l 0
|o 951.1 HIL
|p 3010040044
|r 2022-11-14
|t 1
|w 2022-11-14
|y BK
|x £7.99
|